Geographische Namen Europas

Titel: Geographische Namen Europas / Geographisches Institut, Humboldt-Universität zu Berlin. Marlies Schulz (Hrsg.)
Beteiligt:
Veröffentlicht: Berlin : Geographisches Institut, Humboldt-Universität zu Berlin
Format: Mehrteiliges Werk
Sprache: Deutsch
Schriftenreihe/
mehrbändiges Werk:
Arbeitsberichte / Geographisches Institut, Humboldt-Universität zu Berlin ; ...
Schlagworte:
Bände: alle Bände anzeigen
Kein Bild verfügbar
X
alg: 11416927
001A    $00030:07-10-03 
001B    $01999:13-05-25 $t14:41:59.000 
001D    $00030:07-10-03 
001U    $0utf8 
001X    $00 
002@    $0Acy 
002C    $aText $btxt $2rdacontent 
002D    $aohne Hilfsmittel zu benutzen $bn $2rdamedia 
002E    $aBand $bnc $2rdacarrier 
003@    $0114169276 
003O    $066816793 $aOCoLC 
006G    $0967241154 
010@    $ager 
013D    $RFührer $#Directories $#Répertoires $#Repertorium Verzeichnis $74188171-0 $8Verzeichnis [Ts1] $9085925047 
021A    $aGeographische Namen Europas $hGeographisches Institut, Humboldt-Universität zu Berlin. Marlies Schulz (Hrsg.) 
028C    $BHerausgeber $#Schulz, M. $4edt $7 $8Schulz, Marlies [Tnd] $9148011101 
033A    $pBerlin $nGeographisches Institut, Humboldt-Universität zu Berlin 
036E    $aArbeitsberichte / Geographisches Institut, Humboldt-Universität zu Berlin $l... 
044K    $#Abendland $#Okzident $74015701-5 $8Europa [Tgz] $908503617X 
044K    $RName $#Names, Geographical $#Noms géographiques $#Nombres geográficos $#Geographischer Name $#Geografische Onomatologie $#Geografische Namen $74130377-5 $8Geografischer Name [Ts1] $9085460664 

lok: 11416927 3

exp: 11416927 3 1 #EPN
201B/01 $017-09-04 $t11:00:03.000 
203@/01 $0188971289 
208@/01 $a07-10-03 $bda 
201U/01 $0utf8 

lok: 11416927 8

exp: 11416927 8 1 #EPN
201B/01 $007-10-03 $t21:02:49.000 
203@/01 $0188971297 
208@/01 $a07-10-03 $bdummy 
201U/01 $0utf8 

lok: 11416927 24

exp: 11416927 24 1 #EPN
201B/01 $011-02-04 $t13:35:32.000 
201C/01 $011-02-04 
203@/01 $0209134615 
208@/01 $a11-02-04 $bda 
209B/01 $azur Fortsetzung bestellt (050) $x09 
201U/01 $0utf8
LEADER 00000cam a22000002ca4500
001 114169276
003 DE-603
005 20250513144159.0
007 tu
008 031007s xx |||| | u00||u|ger
016 7 |2 DE-101  |a 967241154 
035 |a (DE-599)HEB114169276 
035 |a (OCoLC)66816793 
040 |a DE-603  |b ger  |c DE-603  |d DE-603 
041 |a ger 
245 0 0 |a Geographische Namen Europas  |c Geographisches Institut, Humboldt-Universität zu Berlin. Marlies Schulz (Hrsg.) 
264 1 |a Berlin  |b Geographisches Institut, Humboldt-Universität zu Berlin 
336 |a Text  |b txt  |2 rdacontent 
337 |a ohne Hilfsmittel zu benutzen  |b n  |2 rdamedia 
338 |a Band  |b nc  |2 rdacarrier 
490 0 |a Arbeitsberichte / Geographisches Institut, Humboldt-Universität zu Berlin  |v ... 
650 7 |a Geografischer Name  |0 (DE-588)4130377-5  |0 (DE-603)085460664  |2 gnd 
651 7 |a Europa  |0 (DE-588)4015701-5  |0 (DE-603)08503617X  |2 gnd 
655 7 |a Verzeichnis  |2 gnd-content  |0 (DE-588)4188171-0  |0 (DE-603)085925047 
700 1 |a Schulz, Marlies  |e Herausgeber  |4 edt  |0 (DE-603)148011101 
924 0 |9 603  |a (DE-603)188971289  |b DE-603  |c HES  |d d 
924 0 |9 603  |a (DE-603)188971297  |b DE-603  |c HES  |d d 
924 0 |9 603  |a (DE-603)209134615  |b DE-603  |c HES  |d d